Chulalongkorn University bulletin 1986 - 1988

שמור ב:
מידע ביבליוגרפי
מחבר תאגידי: Chulalongkorn University
פורמט: ספר
שפה:Undetermined
יצא לאור: Chulalongkorn Chulalongkorn Press 1986
נושאים:
תגים: הוספת תג
אין תגיות, היה/י הראשונ/ה לתייג את הרשומה!
Thư viện lưu trữ: Trung tâm Học liệu Trường Đại học Cần Thơ
LEADER 00525nam a2200181Ia 4500
001 CTU_126167
008 210402s9999 xx 000 0 und d
082 |a 378.1 
082 |b C559 
110 |a Chulalongkorn University 
245 0 |a Chulalongkorn University bulletin 1986 - 1988 
245 0 |c Chulalongkorn University 
260 |a Chulalongkorn 
260 |b Chulalongkorn Press 
260 |c 1986 
650 |a Chulalongkorn University 
904 |i Nguyên 
980 |a Trung tâm Học liệu Trường Đại học Cần Thơ